[Event "Vilafranca del Penedes op 13th"]
[Site "Vilafranca del Penedes"]
[Date "2019.06.07"]
[Round "9"]
[White "Martinez Alfonso, Jordi"]
[Black "Garcia Agudo, Cayetano"]
[Result "1-0"]
[WhiteElo "2034"]
[BlackElo "1736"]
[PlyCount "93"]
[EventDate "2019.03.29"]
[EventType "swiss"]
[EventRounds "9"]
[EventCountry "ESP"]
[SourceTitle "EXT 2020"]
[Source "ChessBase"]
[SourceDate "2019.10.17"]
[SourceVersion "1"]
[SourceVersionDate "2019.10.17"]
[SourceQuality "1"]

1. e4 e5 2. Nf3 Nc6 3. Bc4 Nf6 4. d3 Bc5 5. c3 d6 6. h3 Be6 7. Bxe6 fxe6 8. b4 Bb6 9. Nbd2 h6 10. Nc4 Nd7 11. 0-0 0-0 12. a4 a6 13. Nxb6 Nxb6 14. Be3 Nd7 15. Qb3 Qf6 16. Qc4 Qg6 17. Nh4 Qf7 18. Nf3 Nf6 19. Qb3 Nh5 20. d4 Qf6 21. Rad1 Nf4 22. Bxf4 exf4 23. Rfe1 Kh8 24. e5 dxe5 25. Nxe5 Nxe5 26. Rxe5 f3 27. Qxe6 fxg2 28. Qxf6 Rxf6 29. Kxg2 Raf8 30. Rd2 Rg6+ 31. Kf1 Rg3 32. Rc5 Rf7 33. h4 Rh3 34. h5 b6 35. Rc6 Rxh5 36. d5 Rhf5 37. d6 cxd6 38. Rxb6 a5 39. Rbxd6 axb4 40. cxb4 Rb7 41. R6d4 Rf3 42. Rb2 Ra3 43. b5 Kh7 44. Rc4 Rb6 45. Rbb4 Rb8 46. b6 Rb7 47. Rc7 1-0

[Event "Vilafranca del Penedes op 13th"]
[Site "Vilafranca del Penedes"]
[Date "2019.05.31"]
[Round "8"]
[White "Junyent Llobet, Joaquim"]
[Black "Martinez Alfonso, Jordi"]
[Result "1-0"]
[WhiteElo "2061"]
[BlackElo "2034"]
[PlyCount "79"]
[EventDate "2019.03.29"]
[EventType "swiss"]
[EventRounds "9"]
[EventCountry "ESP"]
[SourceTitle "CBM 190 Extra"]
[Source "ChessBase"]
[SourceDate "2019.07.15"]
[SourceVersion "1"]
[SourceVersionDate "2019.07.15"]
[SourceQuality "1"]

1. d4 Nf6 2. Bf4 d5 3. e3 c5 4. c3 Nc6 5. Bd3 Qb6 6. Qc1 Bg4 7. h3 Bh5 8. Nd2 cxd4 9. exd4 Rc8 10. Ngf3 e6 11. 0-0 Be7 12. Re1 0-0 13. a3 Bg6 14. Qb1 Ne8 15. Bxg6 hxg6 16. h4 Nf6 17. Ng5 Qd8 18. Ndf3 Qe8 19. Qd3 Nd8 20. Bd2 Bd6 21. g3 Nc6 22. Kg2 Ne7 23. Ne5 Bxe5 24. dxe5 Ne4 25. g4 Qc6 26. f3 Nc5 27. Qc2 Qb5 28. Re3 Qb3 29. Qc1 Qc4 30. Qh1 d4 31. Ree1 Rfd8 32. h5 dxc3 33. Bxc3 Qf4 34. Qh4 Rd2+ 35. Bxd2 Qxd2+ 36. Kh1 Nd3 37. h6 Nxe1 38. h7+ Kf8 39. h8Q+ Ng8 40. Qxg7+ 1-0

[Event "Vilafranca del Penedes op 12th"]
[Site "Vilafranca del Penedes"]
[Date "2018.05.18"]
[Round "7"]
[White "Oliver Toribio, Joan"]
[Black "Martinez Alfonso, Jordi"]
[Result "1/2-1/2"]
[WhiteElo "1907"]
[BlackElo "2111"]
[PlyCount "33"]
[EventDate "2018.04.06"]
[EventType "swiss"]
[EventRounds "8"]
[EventCountry "ESP"]
[SourceTitle "CBM 184 Extra"]
[Source "ChessBase"]
[SourceDate "2018.06.28"]
[SourceVersion "1"]
[SourceVersionDate "2018.06.28"]
[SourceQuality "1"]

1. Nf3 d6 2. b3 e5 3. e4 Nf6 4. Nc3 Be7 5. Be2 0-0 6. 0-0 Nc6 7. Bb2 Bg4 8. d3 Re8 9. Nd2 Be6 10. Bf3 Nd4 11. Nd5 Bf8 12. Nxf6+ Qxf6 13. Bxd4 exd4 14. Bg4 g6 15. Bxe6 fxe6 16. Nf3 e5 17. Qd2 1/2-1/2

[Event "Vilafranca del Penedes op 11th"]
[Site "Vilafranca del Penedes"]
[Date "2017.05.12"]
[Round "6"]
[White "Canales Garcia, Vicenc"]
[Black "Martinez Alfonso, Jordi"]
[Result "1/2-1/2"]
[WhiteElo "2154"]
[BlackElo "2187"]
[PlyCount "77"]
[EventDate "2017.03.31"]
[EventType "swiss"]
[EventRounds "8"]
[EventCountry "ESP"]
[SourceTitle "EXT 2018"]
[Source "ChessBase"]
[SourceDate "2017.10.13"]
[SourceVersion "1"]
[SourceVersionDate "2017.10.13"]
[SourceQuality "1"]

1. d4 Nf6 2. Bg5 e6 3. e4 h6 4. Bxf6 Qxf6 5. c3 g6 6. Bd3 Bg7 7. Ne2 0-0 8. 0-0 d5 9. e5 Qe7 10. f4 c5 11. Nd2 Nc6 12. Nf3 a5 13. a3 Bd7 14. Qd2 a4 15. h4 Na5 16. Rad1 Nc4 17. Bxc4 dxc4 18. dxc5 Qxc5+ 19. Qd4 Qxd4+ 20. Rxd4 Bb5 21. Rfd1 Rfc8 22. Ng3 f5 23. Rd6 Ra6 24. Rd8+ Rxd8 25. Rxd8+ Kf7 26. Nd4 Be8 27. Rc8 Rb6 28. Rxc4 Bf8 29. Rc7+ Be7 30. Nc2 Rxb2 31. Nb4 Rb3 32. Ne2 Rxa3 33. Rxb7 Kf8 34. Nd4 Rxc3 35. Nxe6+ Kf7 36. Nd8+ Kf8 37. Ne6+ Kf7 38. Nd8+ Kf8 39. Ne6+ 1/2-1/2

[Event "Vilafranca del Penedes op 11th"]
[Site "Vilafranca del Penedes"]
[Date "2017.04.28"]
[Round "4"]
[White "Gual Pascual, Antonio"]
[Black "Martinez Alfonso, Jordi"]
[Result "1/2-1/2"]
[WhiteElo "2483"]
[BlackElo "2187"]
[PlyCount "101"]
[EventDate "2017.03.31"]
[EventType "swiss"]
[EventRounds "8"]
[EventCountry "ESP"]
[SourceTitle "EXT 2018"]
[Source "ChessBase"]
[SourceDate "2017.10.13"]
[SourceVersion "1"]
[SourceVersionDate "2017.10.13"]
[SourceQuality "1"]

1. Nf3 Nf6 2. g3 b6 3. Bg2 Bb7 4. 0-0 c5 5. c4 g6 6. Nc3 Bg7 7. d4 cxd4 8. Qxd4 d6 9. Rd1 Nbd7 10. Rb1 Rc8 11. b3 a6 12. Bb2 0-0 13. h3 Ne4 14. Qe3 Nxc3 15. Bxc3 Bxc3 16. Qxc3 b5 17. Rd4 Qb6 18. Nd2 Bxg2 19. Kxg2 e5 20. Rh4 d5 21. Nf3 f6 22. Qd2 d4 23. e3 bxc4 24. exd4 c3 25. Qe3 Rfe8 26. Rc1 Qc6 27. dxe5 Nxe5 28. Qe4 Nxf3 29. Qxf3 Re2 30. a4 Rb2 31. Rc4 Qxf3+ 32. Kxf3 Rb8 33. R1xc3 R2xb3 34. Rxb3 Rxb3+ 35. Ke4 Rb6 36. Kd5 Kg7 37. Rc7+ Kh6 38. Rc6 Rb2 39. Rxf6 a5 40. Kc5 Kg7 41. Rf4 g5 42. Rg4 Kf6 43. f4 h6 44. fxg5+ hxg5 45. h4 gxh4 46. Rxh4 Rb3 47. Rh6+ Ke5 48. Ra6 Rxg3 49. Kb5 Kd5 50. Kxa5 Kc5 51. Rh6 1/2-1/2

[Event "Barcelona op-A"]
[Site "Barcelona"]
[Date "2003.??.??"]
[Round "2"]
[White "Martinez Alfonso, Jordi"]
[Black "Marques Taltavull, Antonio"]
[Result "0-1"]
[WhiteElo "2124"]
[BlackElo "2195"]
[PlyCount "60"]
[EventDate "2003.04.??"]
[EventType "swiss"]
[EventRounds "7"]
[EventCountry "ESP"]
[SourceTitle "EXT 2010"]
[Source "ChessBase"]
[SourceDate "2010.11.25"]
[SourceVersion "1"]
[SourceVersionDate "2010.11.25"]
[SourceQuality "1"]

1. d4 Nf6 2. c4 c5 3. d5 b5 4. cxb5 a6 5. Nc3 axb5 6. e4 b4 7. Nb5 d6 8. Bc4 g6 9. e5 Ng4 10. e6 f5 11. Nf3 Bg7 12. 0-0 0-0 13. Re1 Ba6 14. Qc2 Nf6 15. Rd1 Qb6 16. a4 bxa3 17. Rxa3 Bb7 18. Rxa8 Bxa8 19. Qa4 Bb7 20. Qa7 Qxa7 21. Nxa7 Na6 22. Bxa6 Bxa6 23. Nc6 Re8 24. Bg5 Bc4 25. Bxf6 Bxf6 26. Rd2 Ra8 27. h4 h6 28. b4 cxb4 29. Nxb4 Ra5 30. Nd4 Bxd5 0-1

[Event "Barcelona Rubi op 3rd"]
[Site "Barcelona"]
[Date "2002.??.??"]
[Round "3"]
[White "Martinez Alfonso, Jordi"]
[Black "Navines Monfa, Josep"]
[Result "0-1"]
[WhiteElo "2100"]
[BlackElo "2015"]
[PlyCount "63"]
[EventDate "2002.04.27"]
[EventType "swiss"]
[EventRounds "9"]
[EventCountry "ESP"]
[SourceTitle "CBM 088 Extra"]
[Source "ChessBase"]
[SourceDate "2002.07.01"]
[SourceVersion "2"]
[SourceVersionDate "2002.07.01"]
[SourceQuality "1"]

1. d4 d5 2. c4 dxc4 3. e4 e5 4. Nf3 Nf6 5. Nxe5 Bb4+ 6. Nc3 0-0 7. Bg5 b5 8. a4 c6 9. Be2 h6 10. Bxf6 Qxf6 11. 0-0 a6 12. f4 Nd7 13. Ng4 Qg6 14. f5 Qg5 15. Qe1 h5 16. h4 Qd8 17. Ne5 Nxe5 18. dxe5 Qd4+ 19. Kh1 Qxe5 20. Bxh5 Bd6 21. g3 Qxg3 22. Qxg3 Bxg3 23. axb5 cxb5 24. f6 g6 25. Bf3 Bb7 26. h5 Be5 27. Bg2 Rad8 28. Nd5 Bxd5 29. exd5 Rd6 30. hxg6 fxg6 31. Bh3 Rfxf6 32. Be6+ 0-1

[Event "Ideal Clave op 7th"]
[Site "Barcelona"]
[Date "2001.11.10"]
[Round "6"]
[White "Martinez Alfonso, Jordi"]
[Black "Zaiats, Vladimir"]
[Result "1-0"]
[WhiteElo "2045"]
[BlackElo "2075"]
[PlyCount "45"]
[EventDate "2001.09.29"]
[EventType "swiss"]
[EventRounds "8"]
[EventCountry "ESP"]
[SourceTitle "EXT 2003"]
[Source "ChessBase"]
[SourceDate "2002.11.25"]
[SourceVersion "1"]
[SourceVersionDate "2002.11.25"]
[SourceQuality "1"]

1. d4 c5 2. d5 e5 3. c4 d6 4. Nc3 Nf6 5. e4 Be7 6. g3 0-0 7. h4 Ne8 8. Bh3 g6 9. Bh6 Ng7 10. h5 f6 11. hxg6 hxg6 12. Qd2 Rf7 13. Nf3 Bxh3 14. Rxh3 g5 15. Rh2 Nd7 16. 0-0-0 Nf8 17. Rdh1 Ng6 18. Ne1 Bf8 19. f4 exf4 20. gxf4 Be7 21. Ng2 Qd7 22. f5 Ne5 23. Bxg5 1-0

[Event "Vila de Poblenou op"]
[Site "Barcelona"]
[Date "2001.08.18"]
[Round "3.12"]
[White "Martinez Alfonso, Jordi"]
[Black "Jimenez Villena, Francisco Jose"]
[Result "0-1"]
[WhiteElo "2045"]
[BlackElo "2228"]
[PlyCount "56"]
[EventDate "2001.08.16"]
[EventType "swiss"]
[EventRounds "9"]
[EventCountry "ESP"]
[SourceTitle "EXT 2002"]
[Source "ChessBase"]
[SourceDate "2001.11.25"]
[SourceVersion "1"]
[SourceVersionDate "2001.11.25"]
[SourceQuality "1"]

1. d4 d5 2. c4 e6 3. Nc3 c5 4. cxd5 exd5 5. Nf3 Nc6 6. g3 Nf6 7. Bg2 Be7 8. 0-0 0-0 9. dxc5 Bxc5 10. Na4 Be7 11. Be3 Ne4 12. Rc1 Bf6 13. Nd4 Ne5 14. Nb5 Ng4 15. Bd4 Bd7 16. Nxa7 Bxd4 17. Qxd4 Bxa4 18. Qxa4 Qb8 19. Bxe4 dxe4 20. Qxe4 Nf6 21. Qe7 Qxa7 22. Rc7 Rae8 23. Qb4 Qxa2 24. Rxb7 Rxe2 25. Rc1 Qe6 26. Rcc7 Re1+ 27. Kg2 Qd5+ 28. Kh3 Re5 0-1